Anthropology. (Record no. 349915)

000 -LEADER
fixed length control field 00622nam a22002417a 4500
003 - CONTROL NUMBER IDENTIFIER
control field OSt
005 - DATE AND TIME OF LATEST TRANSACTION
control field 20180116183002.0
008 - FIXED-LENGTH DATA ELEMENTS--GENERAL INFORMATION
fixed length control field 150414b xxu||||| |||| 00| 0 eng d
020 ## - INTERNATIONAL STANDARD BOOK NUMBER
International Standard Book Number 0072837055
022 ## - INTERNATIONAL STANDARD SERIAL NUMBER
International Standard Serial Number 9780072837056
040 ## - CATALOGING SOURCE
Transcribing agency 0
050 ## - LIBRARY OF CONGRESS CALL NUMBER
Classification number 301
082 ## - DEWEY DECIMAL CLASSIFICATION NUMBER
Classification number 301
100 ## - MAIN ENTRY--PERSONAL NAME
Personal name Kottak,Conrad Phillip.
245 ## - TITLE STATEMENT
Title Anthropology.
Remainder of title The Exploration of Human Diversity.
Statement of responsibility, etc. Conrad Phillip Kottak
250 ## - EDITION STATEMENT
Edition statement 10th.
260 ## - PUBLICATION, DISTRIBUTION, ETC.
Place of publication, distribution, etc. New York
Name of publisher, distributor, etc. McGraw-Hill
Date of publication, distribution, etc. 2004
300 ## - PHYSICAL DESCRIPTION
Extent 720p.
500 ## - GENERAL NOTE
General note Paper Cover
600 ## - SUBJECT ADDED ENTRY--PERSONAL NAME
Personal name Kottak,Conrad Phillip.
700 ## - ADDED ENTRY--PERSONAL NAME
Personal name Kottak,Conrad Phillip.
942 ## - ADDED ENTRY ELEMENTS (KOHA)
Source of classification or shelving scheme
Koha item type Book
Call number prefix 301
Holdings
Withdrawn status Lost status Source of classification or shelving scheme Damaged status Not for loan Collection code Permanent Location Current Location Shelving location Date acquired Total Checkouts Full call number Barcode Date last seen Date last checked out Price effective from Koha item type
            Central Library (CL) Central Library (CL) General Stacks 04/14/2015 6 301 KOT NBSD-734 02/25/2025 10/13/2020 04/14/2015 Book
© 2023 Central Library, National University of Sciences and Technology. All Rights Reserved.